000 01005nam a2200289Ia 4500
001 A6082
003 IT-RoPAU
008 130308s9999 xx 000 0 und d
040 _aIT-RoPAU
040 _cIT-RoPAU
041 _aITALIANO
100 _aMarmo Costantino
100 _gCodice Aut. SPICS: 19995
245 _a"Retorica e motti di spirito-Una ""quaestio"" inedita di Giovanni di Jandun"
245 _bSemiotica: storia Teoria Interpretazione-Saggi intorno a Umberto Eco
250 _a1a ed.
260 _aMILANO
260 _bBompiani
260 _c1992 [1° Ed.:1992 - Ed.Ling.Originale:1992]
300 _a"17 p. (prefazione: no ; testo: 17 [pagine: 25-41])"
500 _aTraduzioni e Commenti. far ridere I Giudici. ripresa di Cicerone nelle Questioni Sulla Retorica di Giovanni Jandun. testo in Latino della Terza Questione dei libri Sui Retorici di Jandun.
650 _aSEMIOLOGIA
650 _eCodice materia Spics: 3251
942 _cBK
957 _71
999 _c78270
_d78270
999 _g1